Basic Volleyball Positions - Statistics

General Stats
  • This quiz has been taken 899 times
  • The average score is 5 of 7
Answer Stats
Hint Answer % Correct
Also known as L Libero
97%
Also known as S Setter
96%
Also known as MB Middle Blocker
88%
Also known as WS and OH Outside Hitter
83%
Also known as OPH Opposite Hitter
74%
Also known as DS Defensive Specialist
48%
Also known as SS Serving Specialist
35%
No matching quizzes found
Score Distribution
Percent of People with Each Score
Percentile by Number Answered
Your Score History
You have not taken this quiz